000 00669nam a2200229Ia 4500
001 9799
003 GE_BSU
008 181216s||||||||xx |||||||||||||| ||und||
040 _cGE_BSU
080 _a821.353.1–1
100 _aნარსია,ნოდარ
245 _aფიქრიანი დღე
245 _bლექსები
245 _cრედ. მ.ქოიავა.მხატვ.ტ.შეყილაძე
260 _aთბილისი
260 _bმერანი
260 _c1971
300 _a94გვ.16სმ.
653 _aლექსები
653 _aფიქრიანი დღე
942 _cBK
999 _c43079
_d43079